<?xml version="1.0" encoding="UTF-8"?>
<collection xmlns:xsi="http://www.w3.org/2001/XMLSchema-instance" xsi:schemaLocation="http://www.loc.gov/MARC21/slim http://www.loc.gov/standards/marcxml/schema/MARC21slim.xsd" xmlns="http://www.loc.gov/MARC21/slim">
 <record>
  <leader>00000cam a22000004i 4500</leader>
  <controlfield tag="001">UP-99796217613033756</controlfield>
  <controlfield tag="003">Buklod</controlfield>
  <controlfield tag="005">20190530165337.0</controlfield>
  <controlfield tag="006">m    |o  d |      </controlfield>
  <controlfield tag="007">ta</controlfield>
  <controlfield tag="008">190530s2016    xx     d     r    |||| u|</controlfield>
  <datafield tag="020" ind1=" " ind2=" ">
   <subfield code="a">9781483344249 (paperback. : alkaline paper)</subfield>
  </datafield>
  <datafield tag="035" ind1=" " ind2=" ">
   <subfield code="a">(iLib)UPD-00405464956</subfield>
  </datafield>
  <datafield tag="040" ind1=" " ind2=" ">
   <subfield code="a">DLC</subfield>
   <subfield code="d">DSWCD</subfield>
   <subfield code="e">rda</subfield>
  </datafield>
  <datafield tag="090" ind1=" " ind2=" ">
   <subfield code="a">HD 75.9</subfield>
   <subfield code="b">D43 2016</subfield>
  </datafield>
  <datafield tag="245" ind1="1" ind2="0">
   <subfield code="a">Dealing with complexity in development evaluation</subfield>
   <subfield code="b">a practical approach</subfield>
   <subfield code="c">Michael Bamberger, Independent Consultant, Former World Bank, Senior Sociologist, Jos Vaessen, Maastricht University, Estelle Raimondo, George Washington University, editors.</subfield>
  </datafield>
  <datafield tag="264" ind1=" " ind2="1">
   <subfield code="a">Thousand Oaks</subfield>
   <subfield code="b">SAGE Publications, Inc.</subfield>
   <subfield code="c">[2016]</subfield>
  </datafield>
  <datafield tag="300" ind1=" " ind2=" ">
   <subfield code="a">xliv, 429 pages</subfield>
   <subfield code="c">26 cm</subfield>
  </datafield>
  <datafield tag="336" ind1=" " ind2=" ">
   <subfield code="a">text</subfield>
   <subfield code="2">rdacontent</subfield>
  </datafield>
  <datafield tag="337" ind1=" " ind2=" ">
   <subfield code="a">unmediated</subfield>
   <subfield code="2">rdamedia</subfield>
  </datafield>
  <datafield tag="338" ind1=" " ind2=" ">
   <subfield code="a">volume</subfield>
   <subfield code="2">rdacarrier</subfield>
  </datafield>
  <datafield tag="504" ind1=" " ind2=" ">
   <subfield code="a">Includes bibliographical references and index.</subfield>
  </datafield>
  <datafield tag="505" ind1="0" ind2=" ">
   <subfield code="a">Foreword -- Acknowledgements -- Readers' guide -- Introduction -- Editor's bios -- Dealing with complexity in development evaluation : a framework -- Complexity in development evaluation : the framework of the book / Michael Bamberger, Jos Vaessen and Estelle Raimondo -- Towards more complexity-responsive evaluations : overview and challenges / Estelle Raimondo, Jos Vaessen and Michael Bamberger -- Management of complexity responsive evaluations / Michael Bamberger -- Dealing with complexity in development evaluation : methodological approaches -- Impact evaluation approaches and complexity / Jos Vaessen, Estelle Raimondo and Michael Bamberger -- Understanding what is being evaluated : theory-based evaluation / Frans Leeuw -- Five practical evaluation problems to which tbe can contribute / Frans Leeuw -- Dealing with complexity by unpacking and reassembling elements of a complex -- Program / Estelle Raimondo, Michael Bamberger and Jos Vaessen -- The importance of a mixed methods [MM] approach for evaluating complexity / Michael Bamberger -- Emerging data and innovative techniques to deal with complexity in development evaluation -- Complexity in review and synthesis studies / Jos Vaessen -- Emergent technologies and creative use of multiple sources of information / Susan van den Braak, Sunil Choenni and Michael Bamberger -- Applying emergent technologies to complex program evaluations from the INGO perspective / Kerry Bruce and Alison Koler -- The evaluation of complex development interventions in the age of big data / Emmanuel Letouz, Ana Areias and Sally Jackson -- Dealing with institutional complexity : implications for evaluation design, process and use / Estelle Raimondo -- Gender equality in development evaluation : the intersection of complexities / Estelle Raimondo and Michael Bamberger -- Complexity of evaluation in practice : case studies -- A case study in complexity : evaluating a long-term effort to prevent gender-based violence in El Salvador / Allison Davis and Melida Guevera -- Microcredit and women's empowerment : complexity in systematic review / Jos Vaessen, Ana Rivas and Frans Leeuw -- Evaluation of coordination against trafficking in persons : a case study of a complex evaluation / Kim Forss -- Complexity from the perspectives of philanthropic foundations and their evaluation / Leny van Oijen -- Dealing with complexity in a realist synthesis : community accountability and empowerment initiatives / Gill Westhorp, Bill Walker and Patricia Rogers -- Contributor bios -- Glossary of technical terms.</subfield>
  </datafield>
  <datafield tag="650" ind1=" " ind2="0">
   <subfield code="a">Economic development projects</subfield>
   <subfield code="x">Evaluation.</subfield>
  </datafield>
  <datafield tag="650" ind1=" " ind2="0">
   <subfield code="a">Economic assistance</subfield>
   <subfield code="x">Evaluation.</subfield>
  </datafield>
  <datafield tag="700" ind1="1" ind2=" ">
   <subfield code="a">Bamberger, Michael</subfield>
   <subfield code="e">editor.</subfield>
  </datafield>
  <datafield tag="700" ind1="1" ind2=" ">
   <subfield code="a">Vaessen, Jos</subfield>
   <subfield code="e">editor.</subfield>
  </datafield>
  <datafield tag="700" ind1="1" ind2=" ">
   <subfield code="a">Raimondo, Estelle</subfield>
   <subfield code="e">editor.</subfield>
  </datafield>
  <datafield tag="905" ind1=" " ind2=" ">
   <subfield code="a">FO</subfield>
  </datafield>
  <datafield tag="852" ind1="0" ind2=" ">
   <subfield code="a">UPD</subfield>
   <subfield code="b">DSWCD</subfield>
   <subfield code="h">HD 75.9 D43 2016</subfield>
  </datafield>
  <datafield tag="942" ind1=" " ind2=" ">
   <subfield code="a">Book</subfield>
  </datafield>
 </record>
</collection>
